00853nam a22002657a 45000010005000000030006000050050017000110080041000280200017000690400029000860500012001150820008001271000017001352450077001522600039002293000061002684900034003295050008003635200102003715210020004735210020004936000023005136500019005367000032005553281FISKH20241119083921.0240223b cb ||||| |||| 00| 0 eng d a051488003991 aFISKHbengcFISKHdFISKH aPZ8.H74 2314 aHolub, Joan  aThe pizza that we made /cby Holub, Joan ; illustrated by Cravath, Lynne aNew York : bPuffin Books , c2001 a31 unnumbered pages : bcolor illustrations ; c24 cm .  aPuffin easy-to-read vLevel 2 aG  aThree young cooks have fun making their own pizza, cleaning up their mess, and eating hot slices!8 a300 bLexile 8 aG bRaz-Plus  2cooking vfictiton apizzavfiction aCravath, lynneeillustrator